| 000 | 01018cam a2200169 4500500 | ||
|---|---|---|---|
| 005 | 20260111085034.0 | ||
| 041 | _afre | ||
| 042 | _adc | ||
| 100 | 1 | 0 |
_aDe Féo, Agnès _eauthor |
| 245 | 0 | 0 | _aAceh, une charia de complaisance |
| 260 | _c2008. | ||
| 500 | _a69 | ||
| 520 | _aLa charia, loi islamique qui réprime notamment les affaires de mœurs, a fini par être imposée en Aceh. Mais cette nouvelle juridiction est davantage politique et culturelle que le signe d’un radicalisme religieux. Ce texte montre les enjeux sociaux de son application. | ||
| 520 | _aThe sharia, the Islamic law sanctions for moral affairs, is applied in Aceh province which is the first Indonesian province to apply Islamic law. However, this new juridiction is more political and cultural than inspired from religious radicalism. | ||
| 786 | 0 | _nLes Cahiers de l'Orient | 92 | 4 | 2008-12-21 | p. 41-58 | 0767-6468 | |
| 856 | 4 | 1 | _uhttps://shs.cairn.info/revue-les-cahiers-de-l-orient-2008-4-page-41?lang=fr&redirect-ssocas=7080 |
| 999 |
_c1617571 _d1617571 |
||